| 000 | 02207cam a22004814i 4500 | ||
|---|---|---|---|
| 003 | PE-LiUPU | ||
| 005 | 20250731165527.0 | ||
| 008 | 150623s r 000 0 d | ||
| 035 | _a(Sirsi) a28853 | ||
| 035 | _a(Sirsi) a28853 | ||
| 040 |
_aPE-LiUPU _bspa _cPE-LiUPU _erda |
||
| 100 | 1 |
_aYoungberg, John, _eautor. |
|
| 245 | 1 | 0 |
_aEncuentro : _bun programa para fortalecer el matrimonio cristiano; manual del instructor / _cJohn Youngberg y Millie Youngberg. |
| 264 | 1 |
_aBerrien Springs, Michigan : _bMarriage and Family Commitment, _c1980. |
|
| 300 |
_aPág. varia : _bilustraciones gràfs. ; _c30 cm. |
||
| 336 |
_atext _2rdacontent |
||
| 337 |
_aunmediated _2rdamedia |
||
| 338 |
_avolume _2rdacarrier |
||
| 505 | 0 | _aProgramaciòn. Intrucciones para las actividades y las estrategias. Micro-charlas. Hojas -guías. Fase "Dios". Fase "Yo". Fase "Nosotros". Fase "otros". Miscelaneas. Ideas para transparencias. | |
| 526 | _aSEG44 | ||
| 526 | _aSEG26 | ||
| 526 | _aP151 | ||
| 526 | _aP150 | ||
| 526 | _aP149 | ||
| 526 | _aP146 | ||
| 526 | _aP145 | ||
| 526 | _aP126 | ||
| 526 | _aP125 | ||
| 526 | _aP92 | ||
| 526 | _aP75 | ||
| 526 | _aP74 | ||
| 526 | _aP27 | ||
| 526 | _aP15 | ||
| 942 |
_2ddc _cBOOK |
||
| 949 |
_aRC 234.165 Y78 _wDEWEY _c1 _i23342 _lRC _mBUL _r0 _sY _tBOOK _u2015-6-24 _xBIBLIOTECA _zUNKNOWN _0COMPRA _o.CIRCNOTE. No olvidar cambiar la fecha de devolución!!!!!!! _o.STAFF. Colección General |
||
| 949 |
_aRC 234.165 Y78 _wDEWEY _c2 _i23341 _lRC _mBUL _p3.90 _r0 _sY _tBOOK _u2015-6-24 _xTEOLOGIA _PP35 _0COMPRA _o.CIRCNOTE. No olvidar cambiar la fecha de devolución!!!!!!! _o.STAFF. Colección General |
||
| 994 |
_aC0 _bPEPRU |
||
| 596 | _a1 | ||
| 999 |
_aRC 234.165 Y78 _wDEWEY _c36146 _i23342 _f2021-11-8 _g6 _lCCODEBUL1 _mBUL _r1 _sY _tBOOK _u2015-6-24 _xTEOLOGIA _zUNKNOWN _0COMPRA _o.CIRCNOTE. No olvidar cambiar la fecha de devolución!!!!!!! _o.STAFF. Colección General _d36146 |
||
| 999 |
_aRC 234.165 Y78 _wDEWEY _c2 _i23341 _f2021-11-8 _g6 _lCCODEBUL1 _mBUL _p3.90 _r1 _sY _tBOOK _u2015-6-24 _xTEOLOGIA _PP35 _0COMPRA _o.CIRCNOTE. No olvidar cambiar la fecha de devolución!!!!!!! _o.STAFF. Colección General |
||
| 980 |
_81 _gALBERTO SANCHEZ Responsable de Automatización |
||